000
00313nam a22001337a 4500
008
170629b xxu||||| |||| 00| 0 eng d
020
_a
2900131193535
041
_a
eng
080
_a
05
100
_a
22
101
_a
GJL
245
_a
STUDENTS IN SPECIAL AND GENERAL EDUCATION
_c
SPINELLI, C.G
942
_2
udc
_c
BK
999
_c
19472
_d
19472